000 00587nam a22001577a 4500
005 20120425112518.0
020 _a8173915199
_c00.00
035 _aB-92485
037 _aDPL
_bENG
100 _aPant, S.K.
_945717
245 _aGender bias in girl child education /
_cby S.K. Pant
260 _aNew Delhi
_bKanishka Publishers, Distributors
_c2002
300 _axx, 200p.
_c20 cms.
942 _2ddc
_cEN
_h305.4
_mPAN
999 _c65603
_d65603